|
|
|
|
| LEADER |
00000nab a2200000 a 4500 |
| 001 |
vtls008408278 |
| 003 |
SK-MaSNL |
| 005 |
20260426093929.0 |
| 008 |
250505c2005 xo mr|p|||||||000 b|slo |
| 015 |
|
|
|a SNBRB2005/11
|2 snkbucl
|
| 035 |
|
|
|a (uuid)b9706450-939b-4ef9-bba4-6faf8e81d0e5
|
| 035 |
|
|
|a urn:nbn:sk:snk-abbz8j
|
| 035 |
|
|
|a (urnnbn)urn:nbn:sk:snk:ar-006fyk
|
| 038 |
|
|
|a SNKBUCL
|
| 040 |
|
|
|a SNKBUCL
|b slo
|c SNKBUCL
|e AACR2
|
| 041 |
0 |
|
|a slo
|
| 044 |
|
|
|a xo
|c SK
|
| 080 |
|
|
|a 351.853
|x (437.6)
|2 1997
|
| 080 |
|
|
|a 719
|x (437.6)
|2 1997
|
| 080 |
|
|
|a 712.25/.26
|x (437.6)
|2 1997
|
| 100 |
1 |
|
|a Semanová, Eva
|4 aut
|9 406132
|
| 245 |
1 |
0 |
|a Právna ochrana historických parkov, záhrad a ich kompozičných prvkov
|c Eva Semanová
|
| 300 |
|
|
|b Tab.
|
| 650 |
0 |
7 |
|a historické parky
|2 snkbucl
|9 2941
|
| 650 |
0 |
7 |
|a historické záhrady
|2 snkbucl
|9 69283
|
| 650 |
0 |
7 |
|a historická zeleň
|2 snkbucl
|9 74471
|
| 650 |
0 |
7 |
|a ochrana pamiatok
|2 snkbucl
|9 29625
|
| 650 |
0 |
7 |
|a kultúrne pamiatky
|2 snkbucl
|9 2862
|
| 650 |
0 |
7 |
|a zákony
|2 snkbucl
|9 1156
|
| 651 |
|
7 |
|a Slovensko
|2 snkbucl
|9 14231
|
| 773 |
0 |
|
|t Životné prostredie
|g Roč. 39, č. 3 (2005), s. 164-167
|x 0044-4863
|
| 850 |
|
|
|a Slovenská národná knižnica
|
| 852 |
|
|
|a Slovenská národná knižnica
|
| 954 |
|
|
|a odborná, vedecká literatúra pôvodná (slovenská)
|2 lita
|
| 958 |
|
|
|a article15
|
| 958 |
|
|
|a OND
|
| 958 |
|
|
|a EUIPO
|
| 999 |
|
|
|c 3120113
|d 3122043
|